| 000 | 00487nam a2200181Ia 4500 | ||
|---|---|---|---|
| 005 | 20250508151018.0 | ||
| 008 | 008 250505s9999 xx 000 0 hin d | ||
| 037 | _aTextual | ||
| 040 |
_aFEDL _beng _cFEDL |
||
| 041 |
_ahin _2eng |
||
| 084 |
_a891.43, SHA _qFEDL |
||
| 100 |
_aRaghunandan Shastri _9758187 |
||
| 245 | 0 | _aLekh-latika | |
| 260 |
_aPanjab, India _b Panjab University _c1950 |
||
| 300 | _a151p | ||
| 942 |
_cTEXL _h891.43, SHA |
||
| 999 |
_c1327047 _d1327047 |
||